Statistiques concernant Les golfeurs présents dans le top 10 OWGR depuis 2010

Cliquez ici pour prendre le quiz!

Statistiques générales

  • Ce quiz a été pris 71 fois
  • Le résultat moyen est 17 sur 48

Statistiques - réponses

Dernière apparitionNombre d'apparitionsGolfeur% Correct
20144Tiger Woods
95%
20174Jordan Spieth
76%
20232Scottie Scheffler
76%
20237Jon Rahm
74%
20226Justin Thomas
72%
202313Rory McIlroy
72%
20218Dustin Johnson
62%
20132Phil Mickelson
59%
20236Xander Schauffele
57%
20193Brooks Koepka
53%
20213Bryson DeChambeau
53%
20141Zach Johnson
53%
20173Rickie Fowler
52%
20233Viktor Hovland
50%
20191Tommy Fleetwood
48%
20197Justin Rose
47%
20212Collin Morikawa
43%
20235Patrick Cantlay
43%
20165Adam Scott
41%
20231Max Homa
41%
20181Tony Finau
38%
20172Hideki Matsuyama
36%
20164Jason Day
34%
20231Brian Harman
33%
20164Bubba Watson
33%
20221Cameron Smith
33%
20232Matt Fitzpatrick
33%
20173Sergio Garcia
31%
20231Wyndham Clark
31%
20181Francesco Molinari
29%
20123Luke Donald
21%
20201Tyrrell Hatton
21%
20162Patrick Reed
19%
20175Henrik Stenson
17%
20221Will Zalatoris
16%
20123Lee Westwood
12%
20202Webb Simpson
12%
20153Jim Furyk
10%
20121Jason Dufner
9%
20212Louis Oosthuizen
7%
20112Martin Kaymer
7%
20161Alex Noren
3%
20111Charl Schwartzel
3%
20121Brandt Snedeker
2%
20101Graeme McDowell
2%
20131Matt Kuchar
0%
20101Paul Casey
0%
20133Steve Stricker
0%

Distribution des résultats

Percentile par nombre de réponses

% des personnes avec chaque résultat

Votre développement - résultats

Vous n’avez pas pris ce quiz